Open Data Biblioteca Nacional de Portugal


República Portuguesa: Ministério da Cultura
Biblioteca Nacional de Portugal

Catálogo da BNP: acesso por Identificadores Unívocos
Registos Bibliográficos associados ao registo de autoridade

Etiqueta de registo: 00000nkm 2200025 450
001 2272663
003 http://id.bnportugal.gov.pt/bib/catbnp/2272663
100 ## $a20260226f1973 m y0pory01030103ba
101 0# $apor
102 ## $aPT
200 1# $aPortugal, [ilustração representado busto de casal envolto em flores]$bVisual gráfico]$fSecretariado de Estado da Informação e Turismo$gVictor Ribeiro
210 #9 $aLisboa$cSecretariado de Estado da Informação e Turismo,$d[1973?]$ePorto :$gOf. Artistas Reunidos)
215 ## $a1 cartaz$ccolor.$d99x62 cm
304 ## $aParte do título atribuído pela catalogadora
306 ## $aDatação em conformidade com as características formais do documento
317 ## $aColeção Madeira Luís
702 #1 $aRibeiro,$bVictor,$f1938?-$4410$31664127
710 02 $aSecretariado de Estado da Informação e Turismo$31987721
801 #0 $aPT$bBN$gRPC
966 ## $lBN$mICONOG$sCT. 7565 R.$x3
971 ## $cCaticonografia8$d20260226
995 ## $aPRR2026

OpendataBNP@bnportugal.pt | Mais informação sobre acesso aos dados BNP